<?xml version="1.0" encoding="UTF-8"?>
<marc:record xmlns:marc="http://www.loc.gov/MARC21/slim">
   <marc:leader>00000nam a2200000 a 4500</marc:leader>
   <marc:datafield ind1=" " ind2=" " tag="653">
      <marc:subfield code="a">Fantasy</marc:subfield>
   </marc:datafield>
   <marc:datafield ind1=" " ind2=" " tag="653">
      <marc:subfield code="a">Elfen</marc:subfield>
   </marc:datafield>
   <marc:datafield ind1="0" ind2="0" tag="245">
      <marc:subfield code="a">Elfenseele - Hinter dem Augenblick 1</marc:subfield>
   </marc:datafield>
   <marc:datafield ind1=" " ind2="1" tag="264">
      <marc:subfield code="a">Bindlach</marc:subfield>
      <marc:subfield code="b">Loewe</marc:subfield>
      <marc:subfield code="c">2009</marc:subfield>
   </marc:datafield>
   <marc:datafield ind1="1" ind2=" " tag="490">
      <marc:subfield code="a">Elfenseele</marc:subfield>
   </marc:datafield>
   <marc:datafield ind1=" " ind2=" " tag="250">
      <marc:subfield code="a">1. Aufl.</marc:subfield>
   </marc:datafield>
   <marc:datafield ind1="1" ind2=" " tag="520">
      <marc:subfield code="a">Der Sommer auf Elvesden Manor wird ein Albtraum, da ist sich Tanya sicher. Niemand will sie dort haben, nicht ihre Großmutter und nicht die Elfen, die zu Tausenden die Wälder um das alte Herrenhaus bevölkern. Während sie versucht, ihrer Großmutter aus dem Weg zu gehen, stößt sie auf ein Geheimnis: Vor fünfzig Jahren ist ein Mädchen spurlos im Wald von Elvesden verschwunden. Tanya ahnt, dass sie die Einzige ist, die das Rätsel lösen kann. Denn die Elfen scheinen darin eine unheimliche Rolle zu spielen. (Verlagstext)</marc:subfield>
   </marc:datafield>
   <marc:datafield ind1=" " ind2=" " tag="020">
      <marc:subfield code="a">9783785573648</marc:subfield>
      <marc:subfield code="9">9783785573648</marc:subfield>
   </marc:datafield>
   <marc:datafield ind1=" " ind2=" " tag="041">
      <marc:subfield code="a">ger</marc:subfield>
   </marc:datafield>
   <marc:datafield ind1=" " ind2=" " tag="300">
      <marc:subfield code="a">364 S. : Ill.</marc:subfield>
   </marc:datafield>
</marc:record>
